00266nam a22000857a 4500008004100000082002100041245008600062260002100148300001100169230623b xxu||||| |||| 00| 0 eng d a330.96bGOK 2003 aEconomic Recovery Strategy for Wealth Creation and Employment Creationb2003-2007 aKenyabGOKc2003 aIV,40p